THE CROSSING NUMBER OF G□Cn FOR THE GRAPH G ON SIX VERTICES

Bibliographic Details
Main Author: Draženská, Emília (Author)
Format: Article
Language:English

MARC

LEADER 00000nab a2200000uu 4500
001 vtls011450051
003 SK-MaSNL
005 20260303151417.0
008 230222|2011 xo |||||||||||||||||eng|
015 |a SNBRB 
035 |a (urnnbn)urn:nbn:sk:snk:ar-006f50 
035 |a (uuid)5f54cb61-c0e7-4d4a-ab3a-00fba94cfc5a 
035 |a urn:nbn:sk:snk-abcmbu 
040 |a SNKBUCL  |b slo  |c SNKBUCL  |e AACR2 
041 0 |a eng 
044 |a xo  |c SK 
100 1 |a Draženská, Emília  |4 aut  |9 97766 
245 1 0 |a THE CROSSING NUMBER OF G□Cn FOR THE GRAPH G ON SIX VERTICES  |c Emília Draženská 
773 0 |t Mathematica Slovaca  |g Roč. 61, č. 5 (2011), s. [675]-686 
958 |a OND 
958 |a EUIPO 
958 |a article16 
999 |c 2017552  |d 2019482